random french words Quiz - Statistics

General Stats
  • This quiz has been taken 2,240 times
  • The average score is 8 of 15
Answer Stats
Hint Answer % Correct
fleur flower
98%
eau water
97%
vin wine
96%
Allemagne Germany
80%
lunettes glasses
74%
ciel sky
69%
mur wall
56%
genou knee
45%
gagnant winner
44%
ombre shadow
40%
tournesol sunflower
21%
hérisson hedgehog
17%
clou nail
16%
crevette prawn
15%
éventail fan
10%
No matching quizzes found
Score Distribution
Percent of People with Each Score
Percentile by Number Answered
Your Score History
You have not taken this quiz